00297nam a2200097Ia 4500008004100000020001500041100001900056245006600075260003900141300001900180180205s9999 xx 000 0 und d a9712339068 aBelvez, Paz M. aPagbasa at pagsulat :bsa iba't ibang disiplina (Filipino II) aRecto AvenuebREX book storec1997 aiii, 178 pages